000 00468nam a2200205Ia 4500
005 20250425161809.0
008 250425s9999 xx 000 0 und d
041 _aspa
082 _a612.6
100 _aDAVILA, C. ENRIQUE
245 0 _aGUIA DE EDUCACION SEXUAL
250 _a1A ED.
260 _aEcuador
_bS.E.
_c2000
260 _aGUAYAQUIL
300 _a194
650 _aCONDUCTA SEXUAL
650 _aEDUCACION SEXUAL
942 _c01
010 _a30006
999 _c216301
_d216301